[Event "Defend the french."]
[Site "SchemingMind.com"]
[Date "2005.02.22"]
[Round "-"]
[White "Tyler"]
[Black "neoliminal"]
[Result "1-0"]
[WhiteCountry "SUI"]
[BlackCountry "NED"]
[WhiteElo "1642"]
[WhiteRD "86"]
[BlackElo "1417"]
[BlackRD "75"]
[GameID "9184"]

1. e4 e6 2. d4 d6 3. Bd3 Nc6 4. c3 Be7 5. Ne2 Nf6 6. Bg5 h6 7. Bh4 g5 8. Bg3 d5 9. e5 Nd7 10. Nd2 h5
11. f4 h4 12. Bf2 a6 13. Qc2 Nb6 14. O-O-O Na5 15. b3 Ba3+ 16. Kb1 Bd7 17. fxg5 c5 18. dxc5 Nc8 19. b4 b6 20. bxa5 bxc5
21. Bxc5 Rb8+ 22. Bb4 Bxb4 23. cxb4 Rxb4+ 24. Nb3 Ba4 25. Bxa6 Na7 26. Qc5 Qb8 27. Nd4 Rh5 28. Rhe1 Rxg5 29. Bf1 Qb7 30. Re3 Nc6
31. Nxc6 Bxc6 32. a6
1-0

[Event "Defend the french."]
[Site "SchemingMind.com"]
[Date "2005.02.22"]
[Round "-"]
[White "neoliminal"]
[Black "Tyler"]
[Result "0-1"]
[WhiteCountry "NED"]
[BlackCountry "SUI"]
[WhiteElo "1417"]
[WhiteRD "75"]
[BlackElo "1642"]
[BlackRD "86"]
[GameID "9185"]

1. e4 e6 2. d4 d5 3. e5 c5 4. Nf3 Nc6 5. dxc5 Bxc5 6. Be3 Bxe3 7. fxe3 Nge7 8. Bd3 Bd7 9. Nc3 h6 10. a3 O-O
11. g4 Qb6 12. g5 Qxe3+ 13. Qe2 Qxe2+ 14. Kxe2 Ng6 15. gxh6 gxh6 16. Rhg1 Kh7 17. Rg3 f5 18. exf6 Rxf6 19. Rag1 Rg8 20. Nh4 Ne5
21. Nb5 Nxd3 22. cxd3 Bxb5 23. b3 Be8 24. Ke3 Bf7 25. Kd4 Rf4+ 26. Kc5 Rxh4 27. Kd6 Rxh2 28. Kc7 Rb2 29. d4 Rd2 30. Kxb7 Rxd4
31. Rc3 Rf4 32. Kxa7 d4 33. Rc7 Rg7 34. Kb6 Rf3 35. Rd1 Rxb3+
0-1

[Event "Defend the french."]
[Site "SchemingMind.com"]
[Date "2005.02.23"]
[Round "-"]
[White "Ron"]
[Black "neoliminal"]
[Result "0-1"]
[WhiteCountry "ENG"]
[BlackCountry "NED"]
[WhiteElo "1095"]
[WhiteRD "98"]
[BlackElo "1417"]
[BlackRD "75"]
[GameID "9249"]

1. e4 e6 2. e5 d6 3. exd6 Bxd6 4. g3 Nc6 5. Nc3 Qf6 6. Ne4 Qe5 7. d3 Nf6 8. Bf4 Qa5+ 9. Bd2 Qb6 10. Bg5 Nxe4
11. dxe4 Bc5
0-1

[Event "Defend the french."]
[Site "SchemingMind.com"]
[Date "2005.02.23"]
[Round "-"]
[White "Ron"]
[Black "Tyler"]
[Result "0-1"]
[WhiteCountry "ENG"]
[BlackCountry "SUI"]
[WhiteElo "1095"]
[WhiteRD "98"]
[BlackElo "1642"]
[BlackRD "86"]
[GameID "9250"]

1. e4 e6 2. d3 d5 3. exd5 exd5 4. Bf4 Bd6 5. Bxd6 Qxd6 6. Nc3 Ne7 7. Nb5 Qb4+ 8. Nc3 Qxb2 9. Rc1 Qxc3+ 10. Qd2 Qxd2+
0-1

[Event "Defend the french."]
[Site "SchemingMind.com"]
[Date "2005.02.23"]
[Round "-"]
[White "neoliminal"]
[Black "Ron"]
[Result "1-0"]
[WhiteCountry "NED"]
[BlackCountry "ENG"]
[WhiteElo "1417"]
[WhiteRD "75"]
[BlackElo "1095"]
[BlackRD "98"]
[GameID "9251"]

1. e4 e6 2. d4 d5 3. Nc3 Qd6 4. e5 Qe7 5. Nf3 c6 6. Bg5 f6 7. exf6 gxf6 8. Bh4 Bh6 9. Na4 Qf7= 10. Bd3 Qg7
11. O-O
1-0

[Event "Defend the french."]
[Site "SchemingMind.com"]
[Date "2005.02.23"]
[Round "-"]
[White "Stubby"]
[Black "Ron"]
[Result "1-0"]
[WhiteCountry "USA"]
[BlackCountry "ENG"]
[WhiteElo "1638"]
[WhiteRD "114"]
[BlackElo "1095"]
[BlackRD "98"]
[GameID "9255"]

1. e4 e6 2. d4 d5 3. e5 Bb4+ 4. c3 Ba5 5. Nf3 c6 6. b4 Bb6 7. Bd3 a6 8. a4 Ne7 9. Bg5 Nd7 10. Qc2 f6
11. exf6
1-0

[Event "Defend the french."]
[Site "SchemingMind.com"]
[Date "2005.02.23"]
[Round "-"]
[White "Stubby"]
[Black "neoliminal"]
[Result "1-0"]
[WhiteCountry "USA"]
[BlackCountry "NED"]
[WhiteElo "1792"]
[WhiteRD "161"]
[BlackElo "1399"]
[BlackRD "93"]
[GameID "9256"]

1. e4 e6 2. d4 d6 3. Nc3 Nf6 4. Bg5 Be7 5. Nf3 h6 6. Bxf6 Bxf6 7. h4 Bd7 8. e5 dxe5 9. dxe5 Be7 10. Bb5 c6
11. Bd3 b5 12. Ne2 Qb6 13. Ng3 g6 14. h5 g5 15. Ne4 Bc5 16. Nxc5 Qxc5 17. Qe2 Qb4+ 18. c3 Qa5 19. Nd2 c5 20. Ne4 c4
21. Nf6+ Kd8 22. Be4 Nc6 23. Nxd7 Kxd7 24. Qd2+ Ke8 25. Bxc6+ Kf8 26. Bxa8 Kg7 27. Be4 Qc7 28. f4 Rd8 29. Qe3 g4 30. Rh4 f5
31. exf6+ Kxf6 32. Rxg4
1-0

[Event "Defend the french."]
[Site "SchemingMind.com"]
[Date "2005.02.23"]
[Round "-"]
[White "Stubby"]
[Black "Tyler"]
[Result "0-1"]
[WhiteCountry "USA"]
[BlackCountry "SUI"]
[WhiteElo "1644"]
[WhiteRD "94"]
[BlackElo "1654"]
[BlackRD "80"]
[GameID "9257"]

1. e4 e6 2. d4 d5 3. e5 c5 4. Nf3 Nc6 5. Bb5 Bd7 6. Be3 Qb6 7. Bxc6 Bxc6 8. b3 cxd4 9. Bxd4 Qc7 10. a4 g6
11. O-O Ne7 12. Bc5 Bg7 13. Re1 O-O 14. Nc3 Rfe8 15. Bd6 Qd7 16. Nd4 Rac8 17. Nxc6 Rxc6 18. Nb5 a6 19. Nd4 Rxd6 20. exd6 Qxd6
21. Rb1 Qb4 22. Nf3 Nf5 23. Qd3 Qg4 24. Rbd1 Nd6 25. Qe2 Bc3 26. Ne5 Qg5 27. Nf3 Qh5 28. Rf1 Ne4 29. Nd4 Qh4 30. Rd3 Bb4
31. Rh3 Qf6 32. Qd3 Ng5 33. Rh4 e5 34. Nf3 e4 35. Qe3 Nxf3+ 36. gxf3 Qxh4 37. Kh1 Bd6
0-1

[Event "Defend the french."]
[Site "SchemingMind.com"]
[Date "2005.02.23"]
[Round "-"]
[White "Ron"]
[Black "Stubby"]
[Result "0-1"]
[WhiteCountry "ENG"]
[BlackCountry "USA"]
[WhiteElo "1095"]
[WhiteRD "98"]
[BlackElo "1638"]
[BlackRD "114"]
[GameID "9258"]

1. e4 e6 2. d4 d6 3. e5 dxe5 4. dxe5 Qxd1+ 5. Kxd1 Nc6 6. Bb5 Bd7 7. Bxc6 Bxc6 8. Bg5 f6 9. f3 fxg5 10. Ne2 O-O-O+
11. Nd4 Rxd4+
0-1

[Event "Defend the french."]
[Site "SchemingMind.com"]
[Date "2005.02.23"]
[Round "-"]
[White "neoliminal"]
[Black "Stubby"]
[Result "0-1"]
[WhiteCountry "NED"]
[BlackCountry "USA"]
[WhiteElo "1399"]
[WhiteRD "93"]
[BlackElo "1792"]
[BlackRD "161"]
[GameID "9259"]

1. e4 e6 2. d4 d6 3. Nc3 b6 4. Be3 Bb7 5. a4 Nf6 6. e5 Nd5 7. Nxd5 Bxd5 8. c4 Bb7 9. Bd3 a5 10. f3 Na6
11. exd6 Bxd6 12. h4 Bg3+ 13. Kd2 Nb4 14. Be4 Bxe4 15. fxe4 c5 16. d5 exd5 17. exd5 Qf6 18. Nf3 Qxb2+
0-1

[Event "Defend the french."]
[Site "SchemingMind.com"]
[Date "2005.02.23"]
[Round "-"]
[White "Tyler"]
[Black "Stubby"]
[Result "0-1"]
[WhiteCountry "SUI"]
[BlackCountry "USA"]
[WhiteElo "1654"]
[WhiteRD "80"]
[BlackElo "1644"]
[BlackRD "94"]
[GameID "9260"]

1. e4 e6 2. d4 d6 3. f4 Nc6 4. Nf3 Be7 5. Bb5 Bd7 6. O-O Nh6 7. Be3 Ng4 8. Qe2 Nxe3 9. Qxe3 a6 10. Bd3 Nb4
11. a3 Nxd3 12. Qxd3 O-O 13. Nbd2 Rc8 14. c4 b5 15. Rac1 c6 16. b4 c5 17. d5 Qb6 18. Kh1 cxb4 19. axb4 bxc4 20. Rxc4 Bb5
21. Rfc1 Bxc4 22. Rxc4 a5 23. bxa5 Qxa5 24. h3 Qa6 25. Nd4 Rxc4 26. Nxc4 Rc8 27. Nc6 Bf8 28. Qb3 Rxc6 29. dxc6 Qxc6 30. e5 d5
31. Ne3 h5 32. g4 d4+ 33. Ng2 Qc3 34. Qxc3 dxc3 35. Ne1 hxg4 36. hxg4 Bc5 37. Nd3 c2 38. Kg2 Be3 39. f5 exf5 40. gxf5 Bf4
41. e6 fxe6 42. fxe6 c1=Q 43. Nxc1 Bxc1 44. Kf3 Kf8 45. Ke4 Ke7 46. Kf5 g5 47. Kg4 Kxe6 48. Kf3 Kf5 49. Kg3 Bf4+
0-1

[Event "Defend the french."]
[Site "SchemingMind.com"]
[Date "2005.02.25"]
[Round "-"]
[White "annwn"]
[Black "neoliminal"]
[Result "0-1"]
[WhiteCountry "ARG"]
[BlackCountry "NED"]
[WhiteElo "1431"]
[WhiteRD "128"]
[BlackElo "1403"]
[BlackRD "74"]
[GameID "9405"]

1. e4 e6 2. d4 d6 3. d5 exd5 4. Qxd5 Be6 5. Qd4 Nc6 6. Qa4 Be7 7. Bb5 a6 8. Bd3 Nf6 9. c4 O-O 10. Be2 Ng4
11. Nc3 Bh4 12. g3 Bf6 13. h3 Nge5 14. f4 b5 15. cxb5 axb5 16. Qxb5 Nd4 17. Qb7 c5 18. Kd1 Nec6 19. Rb1 Rb8 20. Qa6 d5
21. e5 Bf5 22. Ra1 Be7 23. Bd3 Bxd3 24. Qxd3 c4 25. Qf1 Bb4 26. Nge2 Nf5 27. Qf2 d4 28. Ne4 d3 29. N2c3 Bxc3 30. bxc3 Qa5
31. Qc5 Qa4+ 32. Ke1 Qc2 33. Qxc6 Qe2#
0-1

[Event "Defend the french."]
[Site "SchemingMind.com"]
[Date "2005.02.25"]
[Round "-"]
[White "annwn"]
[Black "Stubby"]
[Result "0-1"]
[WhiteCountry "ARG"]
[BlackCountry "USA"]
[WhiteElo "1431"]
[WhiteRD "128"]
[BlackElo "1644"]
[BlackRD "94"]
[GameID "9406"]

1. e4 e6 2. Nc3 Bb4 3. Nh3 d5 4. Qf3 c6 5. exd5 cxd5 6. a3 Bxc3 7. bxc3 Nc6 8. d3 Qf6 9. Ra2 Qxc3+ 10. Bd2 Qe5+
11. Kd1 Nd4 12. Qg4 Nf6 13. Qg5 Qxg5 14. Nxg5 O-O 15. c4 dxc4 16. dxc4 Bd7 17. g3 Bc6 18. Rg1 h6 19. Nh3 Nf3
0-1

[Event "Defend the french."]
[Site "SchemingMind.com"]
[Date "2005.02.25"]
[Round "-"]
[White "annwn"]
[Black "Tyler"]
[Result "0-1"]
[WhiteCountry "ARG"]
[BlackCountry "SUI"]
[WhiteElo "1431"]
[WhiteRD "128"]
[BlackElo "1654"]
[BlackRD "80"]
[GameID "9407"]

1. e4 e6 2. Nc3 d5 3. b3 d4 4. Na4 Bd7 5. Nb2 c5 6. d3 Nc6 7. Nf3 g6 8. Nc4 b5 9. Nce5 Bg7 10. Bf4 Nf6
11. g3 O-O 12. h4 Nh5 13. g4 Nxf4
0-1

[Event "Defend the french."]
[Site "SchemingMind.com"]
[Date "2005.02.25"]
[Round "-"]
[White "neoliminal"]
[Black "annwn"]
[Result "0-1"]
[WhiteCountry "NED"]
[BlackCountry "ARG"]
[WhiteElo "1417"]
[WhiteRD "75"]
[BlackElo "1586"]
[BlackRD "174"]
[GameID "9409"]

1. e4 e6 2. d4 d5 3. e5 Nc6 4. Nf3 f6 5. Bb5 g5 6. O-O Nh6 7. Be3 Ng4 8. Bxc6+ bxc6 9. Nxg5 fxg5 10. Qxg4 Qe7
11. Bxg5 Qg7 12. Na3 h6 13. Qh5+ Qf7 14. Qxf7+ Kxf7 15. Bf6 Rg8 16. Rae1 Rb8 17. b3 Bxa3 18. Re3 c5 19. Rf3 Ba6 20. Re1 cxd4
21. h4 Bb4 22. Rd1 Be2
0-1

[Event "Defend the french."]
[Site "SchemingMind.com"]
[Date "2005.02.25"]
[Round "-"]
[White "Stubby"]
[Black "annwn"]
[Result "1-0"]
[WhiteCountry "USA"]
[BlackCountry "ARG"]
[WhiteElo "1644"]
[WhiteRD "94"]
[BlackElo "1431"]
[BlackRD "128"]
[GameID "9410"]

1. e4 e6 2. d4 Nf6 3. Bg5 Nc6 4. e5 b5 5. exf6 gxf6 6. Bh4 Be7 7. Bxb5 Rb8 8. Bxc6 dxc6 9. b3 c5 10. Ne2 Bd6
11. dxc5 Be5 12. Qxd8+ Kxd8 13. Nbc3 Bb7 14. O-O-O+ Ke7 15. f4 Bxc3 16. Nxc3 Bxg2 17. Rhg1 Bf3 18. Rd3
1-0

[Event "Defend the french."]
[Site "SchemingMind.com"]
[Date "2005.02.26"]
[Round "-"]
[White "Tyler"]
[Black "annwn"]
[Result "1-0"]
[WhiteCountry "SUI"]
[BlackCountry "ARG"]
[WhiteElo "1710"]
[WhiteRD "76"]
[BlackElo "1436"]
[BlackRD "121"]
[GameID "9411"]

1. e4 e6 2. d4 d5 3. Nc3 g6 4. Bd3 Nc6 5. exd5 Nxd4 6. dxe6 Bxe6 7. Nge2 c5 8. O-O Nf6 9. Bg5 c4 10. Bxf6 Qxf6
11. Bxc4 Nf3+ 12. gxf3 Bxc4 13. Re1 Be7 14. Ne4 Qb6 15. b3 Rd8 16. Qc1 Bb4 17. bxc4 Bxe1 18. Qxe1 O-O 19. Rb1 Qc6 20. Qc3 b6
21. Nf6+ Kg7 22. Ne8+ Kh6 23. Qg7+ Kg5 24. h4+ Kf5 25. Qxf8 Qxe8 26. Ng3+ Kf6 27. Qa3 Qe7 28. Ne4+ Ke6 29. Ng5+ Kf6 30. Nxh7+
1-0

[Event "Defend the french."]
[Site "SchemingMind.com"]
[Date "2005.02.25"]
[Round "-"]
[White "piono"]
[Black "neoliminal"]
[Result "1-0"]
[WhiteCountry "ARG"]
[BlackCountry "NED"]
[WhiteElo "1719"]
[WhiteRD "139"]
[BlackElo "1417"]
[BlackRD "75"]
[GameID "9413"]

1. e4 e6 2. d4 g6 3. Nc3 Bg7 4. Nf3 d6 5. Bd3 Ne7 6. O-O Bd7 7. Be3 h5 8. a4 f6 9. b4 g5 10. b5 g4
11. Nh4 e5 12. d5 b6 13. Ne2 Bh6 14. Qd2 Bxe3 15. Qxe3 Ng8 16. Ng3 f5 17. Nhxf5 Bxf5 18. Nxf5 Rh7 19. f4 Nd7 20. g3 Nc5
21. h4 gxh3 22. Rf2 Rf7 23. Rh2 exf4 24. Qxf4 Ne7 25. Rxh3 Ng6 26. Qf3 Qf6 27. Qd1 O-O-O 28. Rxh5 Rh8 29. Rxh8+ Qxh8 30. Kf2 Qh2+
31. Kf3 Ne5+ 32. Ke3 Ng4+ 33. Qxg4 Kb7 34. Qe2 Qh3 35. Qf1 Qg4 36. Qf3 Qg5+ 37. Ke2 Rh7 38. Rh1 Rxh1 39. Qxh1 Nxa4 40. Qa1 Qg4+
41. Kf2 Nc5 42. Qe1 a6 43. bxa6+ Ka7 44. Nd4 Qg7 45. Nc6+ Ka8 46. Qe2 Qc3 47. Qg4 Qd2+ 48. Kf3 Qd1+ 49. Kf4
1-0

[Event "Defend the french."]
[Site "SchemingMind.com"]
[Date "2005.03.26"]
[Round "-"]
[White "piono"]
[Black "Stubby"]
[Result "1-0"]
[WhiteCountry "ARG"]
[BlackCountry "USA"]
[WhiteElo "1711"]
[WhiteRD "116"]
[BlackElo "1644"]
[BlackRD "94"]
[GameID "9414"]

1. e4 e6 2. d4 d5 3. Nc3 Nc6 4. Nf3 Nf6 5. Bd3 Bb4 6. Ne5 Nxe5 7. dxe5 Nxe4 8. Bxe4 Bxc3+ 9. bxc3 dxe4 10. Qxd8+ Kxd8
11. Bg5+ Ke8 12. O-O-O Bd7 13. Rhe1 Bc6 14. Rd2 h6 15. Bf4 Ke7 16. Red1 a5 17. Be3 b6 18. Rd4 f5 19. exf6+ Kxf6 20. Rc4 Bd5
21. Rxc7 Bxa2 22. Bxb6 Rab8 23. Rd6 a4 24. Bd4+ Kf5 25. Rf7+ Kg6 26. Rxg7+ Kh5 27. Bf6 Rb1+ 28. Kd2 Rb5 29. g4#
1-0

[Event "Defend the french."]
[Site "SchemingMind.com"]
[Date "2005.03.04"]
[Round "-"]
[White "piono"]
[Black "Tyler"]
[Result "1-0"]
[WhiteCountry "ARG"]
[BlackCountry "SUI"]
[WhiteElo "1719"]
[WhiteRD "139"]
[BlackElo "1642"]
[BlackRD "86"]
[GameID "9415"]

1. e4 e6 2. d4 d5 3. exd5 exd5 4. c4 dxc4 5. Bxc4 Nf6 6. Ne2 Be7 7. O-O O-O 8. Nd2 Bf5 9. Nf3 Nbd7 10. Qb3 Nb6
11. Ng3 Bg6 12. Re1 Nxc4 13. Qxc4 h6 14. Ne5 Bd6 15. Nxg6 Re8 16. Ne5 Rf8 17. Nf5 a6 18. Nxh6+ gxh6 19. Bxh6 b5 20. Qb3 Bxe5
21. dxe5 Nd5 22. Qg3+
1-0

[Event "Defend the french."]
[Site "SchemingMind.com"]
[Date "2005.02.25"]
[Round "-"]
[White "neoliminal"]
[Black "piono"]
[Result "0-1"]
[WhiteCountry "NED"]
[BlackCountry "ARG"]
[WhiteElo "1417"]
[WhiteRD "75"]
[BlackElo "1719"]
[BlackRD "139"]
[GameID "9418"]

1. e4 e6 2. Nc3 d5 3. exd5 exd5 4. d4 c6 5. Bf4 g5 6. Qe2+ Be6 7. Be5 f6 8. Bg3 Qe7 9. O-O-O h5 10. f3 h4
11. Bf2 b5 12. Re1 Bf7 13. Qxe7+ Bxe7 14. Bd3 Kd8 15. a3 Nd7 16. Bf5 Nh6 17. Bxd7 Kxd7 18. g3 Nf5 19. g4 Nd6 20. b3 a5
21. Kd2 a4 22. b4 Nc4+ 23. Ke2 Nxa3 24. f4 Nxc2 25. Rc1 Nxb4 26. Nf3 Bg6 27. fxg5 Nd3 28. gxf6 Nxc1+ 29. Kf1 Bxf6 30. g5 Be4
31. gxf6 Bxf3 32. Rg1 Rag8 33. Rg7+ Rxg7
0-1

[Event "Defend the french."]
[Site "SchemingMind.com"]
[Date "2005.02.25"]
[Round "-"]
[White "Stubby"]
[Black "piono"]
[Result "1/2-1/2"]
[WhiteCountry "USA"]
[BlackCountry "ARG"]
[WhiteElo "1638"]
[WhiteRD "114"]
[BlackElo "1719"]
[BlackRD "139"]
[GameID "9419"]

1. e4 e6 2. d4 d5 3. exd5 exd5 4. Nf3 Nf6 5. Bg5 Qe7+ 6. Be2 Bg4 7. O-O h6 8. Bxf6 Qxf6 9. Re1 Nc6 10. Nc3 Rd8
11. Ba6+ Be7 12. Bxb7 Rd7 13. Bxc6 Qxc6 14. Ne5 Bxd1 15. Nxc6 Bxc2 16. Nxe7 Rxe7 17. Rxe7+ Kxe7 18. Nxd5+ Kd6 19. Nb4 Ba4 20. Re1 c5
21. dxc5+ Kxc5 22. Nd3+ Kd4 23. Re3 Bb5 24. Nb4 Re8 25. Nc2+ Kd5 26. b3 Rxe3 27. Nxe3+ Ke5 28. Nc4+ Bxc4= 29. bxc4 Kd4 30. c5=
1/2-1/2

[Event "Defend the french."]
[Site "SchemingMind.com"]
[Date "2005.02.26"]
[Round "-"]
[White "Tyler"]
[Black "piono"]
[Result "1/2-1/2"]
[WhiteCountry "SUI"]
[BlackCountry "ARG"]
[WhiteElo "1654"]
[WhiteRD "80"]
[BlackElo "1711"]
[BlackRD "116"]
[GameID "9420"]

1. e4 e6 2. d4 d5 3. Nc3 Bb4 4. Bd2 Nc6 5. Bb5 Bd7 6. Nge2 Nge7 7. e5 O-O 8. O-O a6 9. Bxc6 Bxc6 10. a3 Bxc3
11. Bxc3 Bb5 12. Re1 b6 13. Bb4 a5 14. Bxe7 Qxe7 15. Ng3 c5 16. dxc5 bxc5 17. Qg4 h6 18. Nh5 Qg5 19. Qxg5 hxg5 20. Ng3 g6
21. Rad1 Rfd8 22. Rd2 a4= 23. Ne2 Bxe2 24. Rexe2 Rab8 25. c3 Kg7 26. g3 g4 27. Kg2 Rh8 28. f4 Rh5 29. Kg1 c4 30. Rf2 Rhh8
31. Kf1 Rh5= 32. Ke2 Rf5=
1/2-1/2

[Event "Defend the french."]
[Site "SchemingMind.com"]
[Date "2005.02.25"]
[Round "-"]
[White "annwn"]
[Black "piono"]
[Result "1/2-1/2"]
[WhiteCountry "ARG"]
[BlackCountry "ARG"]
[WhiteElo "1500"]
[WhiteRD "292"]
[BlackElo "1500"]
[BlackRD "292"]
[GameID "9421"]

1. e4 e6 2. c4 g6 3. b3 c6 4. Bb2 f6 5. Nh3 g5 6. e5 h6 7. Qh5+ Ke7= 8. Ba3+ d6 9. d3 Qe8 10. Qf3 c5=
1/2-1/2

[Event "Defend the french."]
[Site "SchemingMind.com"]
[Date "2005.02.25"]
[Round "-"]
[White "Mouse"]
[Black "Ron"]
[Result "0-1"]
[WhiteCountry "INT"]
[BlackCountry "ENG"]
[WhiteElo "1330"]
[WhiteRD "109"]
[BlackElo "1181"]
[BlackRD "121"]
[GameID "9443"]

1. e4 e6 2. Bc4 Nf6 3. f3 b6 4. Nc3 c5 5. d3 Nh5 6. h3 Ng3 7. Rh2 a6 8. Bf4 b5 9. Bxg3 bxc4 10. dxc4 g6
11. Bxb8 Rxb8= 12. Na4 Qc7= 13. Rh1 Rxb2 14. Nxb2 Qg3+ 15. Kf1 Bg7 16. Rb1 Bd4 17. Na4 Qf2#
0-1

[Event "Defend the french."]
[Site "SchemingMind.com"]
[Date "2005.02.25"]
[Round "-"]
[White "Mouse"]
[Black "neoliminal"]
[Result "0-1"]
[WhiteCountry "INT"]
[BlackCountry "NED"]
[WhiteElo "1294"]
[WhiteRD "93"]
[BlackElo "1417"]
[BlackRD "75"]
[GameID "9444"]

1. e4 e6 2. Nc3 Nc6 3. d3 Bb4 4. a3 Bxc3+ 5. bxc3 Nf6 6. Nf3 O-O 7. Bg5 h6 8. Bxf6 Qxf6 9. Qd2 Re8 10. g3 b5
11. a4 b4 12. cxb4 Qxa1+ 13. Ke2 Qxa4 14. c3 a5 15. Bg2 axb4 16. cxb4 Nxb4 17. Rb1 c5 18. Rb2 Ba6 19. Rb1 Nxd3 20. Ne1 Nf4+
21. Kf3 e5 22. Rb6 Qa3+ 23. Kg4 Bc8 24. gxf4 d6+ 25. Kh4 exf4 26. Rxd6 Re5 27. Rd8+ Kh7 28. Rd5 g5+ 29. Kh5 Bh3 30. Bxh3 Qxh3#
0-1

[Event "Defend the french."]
[Site "SchemingMind.com"]
[Date "2005.02.25"]
[Round "-"]
[White "Mouse"]
[Black "Stubby"]
[Result "0-1"]
[WhiteCountry "INT"]
[BlackCountry "USA"]
[WhiteElo "1294"]
[WhiteRD "93"]
[BlackElo "1638"]
[BlackRD "114"]
[GameID "9445"]

1. e4 e6 2. Nf3 b6 3. Nc3 Bb7 4. a3 d6 5. Bb5+ Nc6 6. Bxc6+ Bxc6 7. d3 d5 8. exd5 exd5 9. Bg5 Nf6 10. Bxf6 Qxf6
11. O-O O-O-O 12. Re1 Bd6 13. b4 Qxc3 14. Ng5 Qf6 15. h4 h6 16. Nf3 d4 17. Re2 Bxf3 18. gxf3 g5 19. hxg5 Qxg5+ 20. Kf1 Rdg8
21. Qd2 Qg1#
0-1

[Event "Defend the french."]
[Site "SchemingMind.com"]
[Date "2005.02.25"]
[Round "-"]
[White "Mouse"]
[Black "Tyler"]
[Result "0-1"]
[WhiteCountry "INT"]
[BlackCountry "SUI"]
[WhiteElo "1265"]
[WhiteRD "90"]
[BlackElo "1654"]
[BlackRD "80"]
[GameID "9446"]

1. e4 e6 2. Nc3 d5 3. exd5 exd5 4. Nf3 Nf6 5. Bb5+ c6 6. Bd3 Bc5 7. Qe2+ Be6 8. Na4 Bd6 9. O-O Nbd7 10. h3 O-O
11. b3 b5 12. Nc3 Re8 13. a3 Bxh3 14. gxh3 Rxe2 15. Bxe2 Ne4 16. Nxe4 dxe4 17. Nd4 Qh4 18. f4 Qg3+ 19. Kh1 Qxh3+ 20. Kg1 Qg3+
21. Kh1 Bxf4 22. Rd1 Qh2#
0-1

[Event "Defend the french."]
[Site "SchemingMind.com"]
[Date "2005.02.25"]
[Round "-"]
[White "Mouse"]
[Black "piono"]
[Result "0-1"]
[WhiteCountry "INT"]
[BlackCountry "ARG"]
[WhiteElo "1294"]
[WhiteRD "93"]
[BlackElo "1719"]
[BlackRD "139"]
[GameID "9447"]

1. e4 e6 2. Nc3 d6 3. Bb5+ Bd7 4. Bxd7+ Qxd7 5. Nf3 Nc6 6. d3 O-O-O 7. Bg5 f6 8. Be3 g5 9. a3 Nh6 10. h4 Ng4
11. hxg5 Nxe3 12. fxe3 Bg7 13. gxf6 Bxf6 14. Qd2 a6 15. b4 Rdg8 16. Kf1 Qg7 17. Re1 Bxc3 18. Qd1 Qxg2#
0-1

[Event "Defend the french."]
[Site "SchemingMind.com"]
[Date "2005.02.25"]
[Round "-"]
[White "Mouse"]
[Black "annwn"]
[Result "0-1"]
[WhiteCountry "INT"]
[BlackCountry "ARG"]
[WhiteElo "1225"]
[WhiteRD "92"]
[BlackElo "1436"]
[BlackRD "121"]
[GameID "9448"]

1. e4 e6 2. Bc4 Nf6 3. f3 Bc5 4. d3 Na6 5. Bxa6 bxa6 6. Bg5 h6 7. Bxf6 Qxf6 8. Nc3 Qd4 9. Qd2 Rb8 10. b3 Bb4
11. Nge2 Qd6 12. O-O Bxc3 13. Qxc3 O-O 14. Ng3 g6 15. Qf6 Qc5+ 16. Rf2 Rb6 17. a4 e5 18. Qh4 g5 19. Qxh6 Rxh6 20. Rc1 Qc3
21. Ne2 Qd2 22. Rcf1 Qxc2 23. Rc1 Qxd3 24. Rb1 Qe3 25. Kf1 Rxh2 26. Rb2 Rh1+ 27. Ng1 Qc1+
0-1

[Event "Defend the french."]
[Site "SchemingMind.com"]
[Date "2005.02.27"]
[Round "-"]
[White "Ron"]
[Black "Mouse"]
[Result "0-1"]
[WhiteCountry "ENG"]
[BlackCountry "INT"]
[WhiteElo "1181"]
[WhiteRD "121"]
[BlackElo "1330"]
[BlackRD "109"]
[GameID "9449"]

1. e4 e6 2. d4 Nf6 3. Bg5 h6 4. b4 Nc6 5. Bxf6 gxf6 6. d5 exd5 7. Qxd5 Nxb4 8. Bd3 Nxd5 9. exd5 c6 10. Nc3= cxd5
11. Bb5= a6 12. Bd3= Ba3 13. Nxd5 Bb2 14. Rb1 Bd4 15. Nf3 Bc3+ 16. Nxc3 Rg8 17. Nd5 Qa5+ 18. Ke2 Qxd5 19. Bh7 Rxg2 20. Nd2 Rxf2+
21. Kxf2 Qxd2+ 22. Kg3 Qxc2 23. Ra1 Qxh7 24. Rab1 d6 25. Rbd1 Qc2 26. Ra1 Be6 27. Rhe1 Rc8 28. a3 Qb2 29. Rab1 Qxa3+ 30. Kg2 Qh3+
31. Kg1 Rc2 32. Rf1 Qxh2#
0-1

[Event "Defend the french."]
[Site "SchemingMind.com"]
[Date "2005.02.25"]
[Round "-"]
[White "neoliminal"]
[Black "Mouse"]
[Result "1-0"]
[WhiteCountry "NED"]
[BlackCountry "INT"]
[WhiteElo "1417"]
[WhiteRD "75"]
[BlackElo "1294"]
[BlackRD "93"]
[GameID "9450"]

1. e4 e6 2. d4 Bb4+ 3. c3 Be7 4. Nf3 Nc6 5. Be3 Nf6 6. Bd3 Bd6 7. e5 Nd5 8. Nbd2 Be7 9. h4 b6 10. g4 h6
11. Be4 g5 12. hxg5 Nxe3 13. fxe3 Bxg5 14. Bxc6 dxc6 15. Nxg5 Qxg5 16. Ne4 Qxe3+ 17. Qe2 Qxe2+ 18. Kxe2 Ba6+ 19. Ke3 O-O-O 20. Nf6 Rhg8
21. Nxg8 Rxg8 22. Rag1 Rh8 23. g5 c5 24. gxh6 Kd7 25. h7 Ke7= 26. Rg8 Rxg8 27. hxg8=Q c6= 28. Rh7
1-0

[Event "Defend the french."]
[Site "SchemingMind.com"]
[Date "2005.02.25"]
[Round "-"]
[White "Stubby"]
[Black "Mouse"]
[Result "1-0"]
[WhiteCountry "USA"]
[BlackCountry "INT"]
[WhiteElo "1638"]
[WhiteRD "114"]
[BlackElo "1294"]
[BlackRD "93"]
[GameID "9451"]

1. e4 e6 2. d4 d5 3. e5 Bb4+ 4. c3 Be7 5. Nf3 Nc6 6. h4 b6 7. Bb5 Bd7 8. Qa4 Qb8 9. Bxc6 Bxc6 10. Qxc6+ Kd8
11. Bg5 Bxg5 12. Nxg5 Ke7 13. Na3 h6 14. Nf3 g5 15. hxg5 Kf8 16. gxh6 Nxh6 17. O-O-O a5 18. g4 Kg8 19. Rdg1 Nxg4 20. Rxg4+ Kf8
21. Rxh8+ Ke7 22. Rxb8 Rxb8 23. Qxc7+ Kf8 24. Qxb8+ Ke7 25. Qd6+ Ke8 26. Rg8#
1-0

[Event "Defend the french."]
[Site "SchemingMind.com"]
[Date "2005.02.26"]
[Round "-"]
[White "Tyler"]
[Black "Mouse"]
[Result "1-0"]
[WhiteCountry "SUI"]
[BlackCountry "INT"]
[WhiteElo "1654"]
[WhiteRD "80"]
[BlackElo "1265"]
[BlackRD "90"]
[GameID "9452"]

1. e4 e6 2. d4 Nc6 3. Bb5 a6 4. Bxc6 bxc6 5. Nf3 Bd6 6. O-O c5 7. e5 Be7 8. Be3 Rb8 9. b3 h6 10. Nbd2 d6
11. dxc5 dxc5 12. Ne4 f5 13. exf6 gxf6 14. Nxc5 Bxc5 15. Bxc5 Rb5 16. Qxd8+ Kxd8 17. Rad1+ Bd7 18. Ba3 Ne7 19. Nd4 Rd5 20. c4 Ra5
21. Bxe7+ Kxe7 22. Rd2 Rg8 23. Rfd1 e5 24. Ne2 Bc6 25. Ng3 e4 26. Re1 Re5 27. Rd4 f5 28. f4 Ra5 29. b4 Rxa2 30. Nxf5+ Ke6
31. Ne3 Ra4 32. Nd5 Kd7 33. Nf6+
1-0